000 00807nam a2200229 4500
999 _c13064
_d13064
003 MIRAKIL
005 20190326142420.0
008 190326b tu ||||| |||| 00| 0 tur d
020 _a9786053600190
040 _aTR-AnCHP
_cTR-AnCHP
041 _atur
082 _a956.10154
_bÖ93o 2010
100 1 _aÖzel, Sabahattin
245 1 0 _aOsmanlı'dan Milli Mücadele'ye seçilmiş mülakatlar /
_cSabahattin Özel, Işıl Çakan Hacıibrahimoğlu.
260 _aİstanbul :
_bTürkiye İş Bankası Kültür Yayınları,
_c2010.
300 _a412 s.:
_bfotğ.;
_c23 sm.
490 0 _aTürkiye İş Bankası Kültür Yayınları;
_vGenel yayın :2032.
504 _aDizin vardır.
650 0 _9710
_aOsmanlı İmparatorluğu
_xTarih
700 _95574
_aÇakan Hacıibrahimoğlu, Işıl
942 _2ddc
_cBKS